000 01074nac a22003137a 4500
001 BR9002384
003 BR-BrBNA
005 20240105121128.0
008 230509b bl.|||m| |||| 00| 0 por d
040 _aBR-BrBNA
_bpor
_cBiblioteca Nacional de Agricultura
072 _aL02
090 _a5214 BR9002384
100 1 _aSeiffert, N.F.
100 1 _aSalermo, A.R.
100 1 _aRamos, M.G.
110 1 _aEmpresa Catarinense de Pesquisa Agropecuaria S.A., Florianopolis, SC (Brasil)
245 1 _aAvaliacao do sistema de alimentacao de vacas leiteiras da regiao do Vale do Itajai e litoral de Santa Catarina
260 3 _aFlorianopolis, SC (Brasil):
_c1990.
300 _a104 p.
490 _aDocumentos - Empresa Catarinense de Pesquisa Agropecuaria S.A. (Brazil)
_vno. 110
_xISSN 0100-8986
500 _a46 ref.; 9 graphs
650 _aGADO LEITEIRO
650 _aNUTRICAO ANIMAL
650 _aPASTAGEM NATURAL
650 _aSUPLEMENTO ALIMENTAR
650 _aSANTA CATARINA
909 _a202312
_bLúcia Elande
_c55
_dLúcia Elande
942 _2AGRIS
_n0
_cMS
999 _c283464
_d283464